000 00461nam a22001697a 4500
003 NUST - PNEC
005 20170116180959.0
008 150912b xxu||||| |||| 00| 0 eng d
020 _a0201566125
040 _cLIBRARY
082 _a621.3815 MCC
100 _99406
_a McConnell, Robert L
245 _a Electrical engineering design compendium
_cMcConnell, Robert L
260 _cc.1993
650 _99403
_aElectrical engineering
_xEE
942 _2ddc
_cBK
999 _c66631
_d66631